000 00347nam a2200145Ia 4500
008 240624s9999 xx 000 0 und d
041 _aeng
082 _a519.5 AGR
100 _aAGRESTI ALAN
245 _aSTATISTICAL METHODS FOR THE SOCIAL SCIEN
250 _a(4th ed.)
260 _c2008
_aHall,2008
300 _a624 : p.
365 _cBPS
_b30
999 _c28055
_d28055